Κατάλογος Βιβλιοθηκών Mediterranean College

Προβολή (Record no. 5097)

MARC details
000 -LEADER
fixed length control field 01463cam a22001934a 4500
005 - ΗΜΕΡΟΜΗΝΙΑ ΚΑΙ ΩΡΑ ΤΕΛΕΥΤΑΙΑΣ ΕΝΗΜΕΡΩΣΗΣ
Πεδίο ελέγχου 20250605164204.0
008 - FIXED-LENGTH DATA ELEMENTS--GENERAL INFORMATION
Πεδίο ελέγχου σταθερού μήκους 250528s ||||||||||||||||||||||||d
035 ## - SYSTEM CONTROL NUMBER
System control number 19851
040 ## - ΠΗΓΗ ΚΑΤΑΛΟΓΟΓΡΑΦΗΣΗΣ
Φορέας πρωτότυπης καταλογογράφησης MC Athens Campus Library
Γλώσσα καταλογογράφησης Ελληνικά, Μοντέρνα (1453-)
Modifying agency MC Athens Campus Library
Κανόνες περιγραφικής καταλογογράφησης AACR2
245 1# - ΤΙΤΛΟΣ ΚΑΙ ΔΗΛΩΣΗ ΥΠΕΥΘΥΝΟΤΗΤΑΣ
Τίτλος Προβολή
260 ## - PUBLICATION, DISTRIBUTION, ETC.
Name of publisher, distributor, etc. Α.Σταμουλης,
Date of publication, distribution, etc. 1995
300 ## - PHYSICAL DESCRIPTION
Extent 280
505 0# - FORMATTED CONTENTS NOTE
Formatted contents note Προβολή, Τα ''Εργαλεία'' της Προβολής Διαφήμιση, Το Διαφημιστικό Τμήμα μιας Επιχείρησης, Η Διαφημιστική Εταιρία, Το Διαφημιστικό Πρόγραμμα, Ανάλυση της Υφιστάμενης Κατάστασης, Στοχοθεσία, Μέσα για την Επίτευξη των Στόχων, Έλεγχος και Αξιολόγηση του Προγράμματος, Βιβλιογραφία.
520 ## - SUMMARY, ETC.
Summary, etc. Προβολή, Τα ''Εργαλεία'' της Προβολής Διαφήμιση, Το Διαφημιστικό Τμήμα μιας Επιχείρησης, Η Διαφημιστική Εταιρία, Το Διαφημιστικό Πρόγραμμα, Ανάλυση της Υφιστάμενης Κατάστασης, Στοχοθεσία, Μέσα για την Επίτευξη των Στόχων, Έλεγχος και Αξιολόγηση του Προγράμματος, Βιβλιογραφία.
700 1# - ΠΡΟΣΘΕΤΗ ΑΝΑΓΡΑΦΗ--ΦΥΣΙΚΟ ΠΡΟΣΩΠΟ
Personal name Αθανασούλης Χρ. Κ
9 (RLIN) 6002
942 ## - ADDED ENTRY ELEMENTS (KOHA)
Koha item type Books
Holdings
Τύπος τεκμηρίου Βιβλιοθήκη Τρέχουσα τοποθεσία Barcode Αριθμός εισαγωγής Ημερομηνία απόκτησης Ταξιθετικό σύμβολο Αριθμός αντιτύπου Κατάσταση απόσυρσης Κατάσταση χαμένου Κατάσταση κατεστραμμένου Μη δανεισμός Σύνολο δανεισμών Ημερομηνία τελευταίας εμφάνισης Η τιμή ισχύει από
Books MC Athens Campus Library MC Athens Campus Library 9780000050960 5955 05/06/2025 659.1 ATH 1           05/06/2025 05/06/2025

MC Athens Campus Library
Πατησίων 94 & Κοδριγκτώνος 13, 104 34
Πελλήνης 8 & Πατησίων 107, 112 51
Τ: +30 210 8899600

MC Thessaloniki Campus Library
Ίωνος Δραγούμη 21, 54625 | Ίωνος Δραγούμη 15, 54625
Τ: +30 2310 287779 – Τ: +30 2314 440300